| 000 | 01026nmm a2200301 a 4500 | ||
|---|---|---|---|
| 001 | ocm0001299442 | ||
| 003 | TR-IsHL | ||
| 005 | 20201028162042.0 | ||
| 008 | 160715s2015 tu tur | ||
| 007 | cr cn | ||
| 020 | _a9786055541644 | ||
| 035 |
_a1299442 _b(N$T) |
||
| 050 | 0 | 4 |
_aJA71 _b.S59 2015 |
| 090 | 0 | 4 |
_aJA71 _b.S59 2015 |
| 245 | 1 | 0 |
_aSiyaset bilimi: kavramlar, ideolojiler, disiplinler arası ilişkiler _h[electronic resource] / _chazırlayanlar Gökhan Atılgan, E. Attila Aytekin |
| 250 | _a5. basım | ||
| 260 |
_aİstanbul : _bYordam Kitap, _c2015 |
||
| 300 | _a589 p. | ||
| 500 |
_aKaynakça var. _x |
||
| 650 | 4 | _aPolitika ve Uluslararası İlişkiler | |
| 650 | 4 | _aPolitics and International Relations | |
| 650 | 0 | _aSiyaset bilimi | |
| 650 | 0 | _aPolitical science | |
| 650 | 7 |
_aPOLITICAL SCIENCE / General _2bisacsh |
|
| 700 | 1 | _aAtılgan, Gökhan | |
| 700 | 1 | _aAytekin, E. Attila | |
| 856 | 4 | 0 | _uhttp://search.ebscohost.com/login.aspx?direct=true&scope=site&db=e011xww&AN=1299442 |
| 999 |
_c14505 _d14505 |
||